banner-ar

الفقر والاحسان فى مصر : (Record no. 59916)

MARC details
000 -الفاتح
حقل البيانات ثابتة الطول 01078nam a22002657a 4500
005 - وقت وتاريخ اخر تعامل مع التسجيلة
رقم الضبط 20240530110343.0
008 - عناصر البيانات ثابتة الطول - معلومات عامة
حقل البيانات ثابتة الطول 141120s2003 ua fr 000 0bara d
017 ## - رقم الايداع القانونى
رقم الايداع القانونى 21021/2002
040 ## - مصدر الفهرسة
وكالة الفهرسة الأصلية EG-CaGPL
082 04 - رقم تصنيف ديوى العشرى
رقم الطبعة 21
رقم التصنيف 953.08\
رقم المادة ق/أ ف
100 0# - المدخل الرئيسى - إسم شخصى
الإسم الشخصى ادم صبرة
245 12 - بيان العنوان
العنوان الفقر والاحسان فى مصر :
بقية العنوان عصر سلاطين المماليك 1250 -1517 م /
بيان المسئوليه,etc تاليف ادم صبرة ؛ ترجمة وتقديم وتعليق قاسم عبدة قاسم
250 ## - بيان الطبعة
بيان الطبعة ط 1
260 ## - PUBLICATION, DISTRIBUTION, ETC. (IMPRINT)
تاريخ النشر أو التوزيع 2003
300 ## - الوصف المادى
التعداد 299 ص ؛
أبعاد الوعاء 24 سم
490 ## - بيان السلسلة
عنوان السلسلة المشروع القومى للترجمة ؛
رقم المجلد/ التعيين التسلسلي 509
650 04 - المدخل الاضافى بالموضوع-مصطلح موضوعى
مصطلح موضوعي الفقر
التقسيم الفرعي الجغرافي مصر
651 04 - المدخل الاضافى بالموضوع - اسم جغرافى
الاسم الجغرافي مصر
التقسيم الفرعي العام الاحوال الاجتماعية
651 04 - المدخل الاضافى بالموضوع - اسم جغرافى
الاسم الجغرافي مصر
التقسيم الفرعي العام تاريخ
التقسيم الفرعي الزمني عصر المماليك
651 04 - المدخل الاضافى بالموضوع - اسم جغرافى
الاسم الجغرافي مصر
التقسيم الفرعي العام مجاعات
651 04 - المدخل الاضافى بالموضوع - اسم جغرافى
الاسم الجغرافي مصر
التقسيم الفرعي العام التسول
700 0# - المدخل الاضافى - اسم شخصى
الإسم الشخصى قاسم عبدة قاسم
الدور مترجم و مقدم و معلق
942 ## - عناصر المدخل الإضافي( كوها)
مصدر التصنيف او مخطط الترفيف Dewey Decimal Classification
Koha [default] item type كتاب
260 ## - PUBLICATION, DISTRIBUTION, ETC. (IMPRINT)
-- القاهرة :
-- المجلس الاعلى للثقافة ،
Holdings
حالة التراجع حالة الفقد حالة تلف ليس للاعارة المكان المؤقت الموقع الحالى تاريخ الاكتساب اجمالي اﻻعارات رقم الطلب الباركود تاريخ اخر مشاهدة تاريخ تفعيل السعر نوع وعاء كوها
        مكتبة القاهرة الكبرى مكتبة القاهرة الكبرى 11/20/2014   953.08\ ق/أ ف 158877 11/20/2014 11/20/2014 كتاب

Powered By

EGPV